000 00255nam a22001217a 4500
008 170313b xxu||||| |||| 00| 0 eng d
041 _aeng
080 _23RD
_a591
100 _a7
101 _aSHM
245 _aTHE INSECTS
_cCHAPMAN, E.F
942 _2udc
_cBK
999 _c7675
_d7675